Vedecké kolokvium
Dňa 17. marca 23014 sa na Katedre medzinárodného obchodu uskutočnilo vedecké kolokvium k záverom projekt VEGA 1/1185/12, ktorý bol Vedeckou grantovou agentúrou MŠ a SAV schválený pod názvom Zmeny v spotrebiteľských trendoch podmienené dosahmi finančno hospodárskej (spoločenskej) krízy, ich odraz v...
Gespeichert in:
| 1. Verfasser: | |
|---|---|
| Format: | Buchkapitel |
| Sprache: | Slowakisch |
| Schlagworte: | |
| Tags: |
Keine Tags, Fügen Sie das erste Tag hinzu!
|
MARC
| LEADER | 00000naa a2200000 4500 | ||
|---|---|---|---|
| 001 | 0192180 | ||
| 005 | 20240502073226.6 | ||
| 041 | 0 | |a slo | |
| 044 | |a SK | ||
| 245 | 1 | 0 | |a Vedecké kolokvium |c Otília Zorkóciová |
| 520 | |a Dňa 17. marca 23014 sa na Katedre medzinárodného obchodu uskutočnilo vedecké kolokvium k záverom projekt VEGA 1/1185/12, ktorý bol Vedeckou grantovou agentúrou MŠ a SAV schválený pod názvom Zmeny v spotrebiteľských trendoch podmienené dosahmi finančno hospodárskej (spoločenskej) krízy, ich odraz v modifikáciách marketingových programov podnikateľských subjektov v snahe udržania ich konkurencieschopnosti na medzinárodných trhoch (s aplikáciou na podmienky EÚ s akcentom na SR). | ||
| 610 | 2 | 0 | |a obchod medzinárodný |
| 610 | 2 | 0 | |a Slovensko |
| 610 | 2 | 0 | |a stratégia marketingová |
| 610 | 2 | 0 | |a kríza hospodárska |
| 610 | 2 | 0 | |a konkurencieschopnosť |
| 100 | 1 | |a Zorkóciová, Otília, 1954- | |